00998nab a2200205 i 4500001000400000003000400004005001700008008003900025040000800064080001700072100012700089245017400216260001000390500002100400520015000421650001700571650003400588650003700622773013300659BPPBPK20150508141534.0150508s2001 pl | | |000 ||pol cBPK a339.92(1-04) aFIJAŁKOWSKA-JURGENS, Ewa.d2002 - .bPolitechnika Koszalińska - Wydział Ekonomii i Zarządzania,cKatedra Agrobiznesu aWspółpraca transgraniczna w Polsce i w Unii Europejskiej :bsytuacja Polski w przeddzień przystąpienia do Unii Europejskiej /cEwa Fijałkowska, Agnieszka Małek. c2001. aDane z autopsji. aArtykuł nt. współpracy transgranicznej, polegającej na uzgadnianiu wspólnych działań dotyczących rozwoju regionów przygranicznych. aEuroregiony. 0aWspółpraca transgraniczna. 0aPrawo wspólnotowe europejskie. iW :tKoszalińskie Studia i Materiały. -dKoszalin : Wydaw. Uczelniane Politechniki Koszalińskiej, 2001. -gnr 3, s. 179-188